| 000 | 00486cam a2200157 i 4500 | ||
|---|---|---|---|
| 020 | _a0471364339 | ||
| 082 |
_a629.4 _bHAY _cL-18, P-31 |
||
| 100 | 1 | _aHay, William Walter, | |
| 245 | 1 | 3 |
_aAn introduction to transportation engineering / _cWilliam W. Hay. |
| 250 | _a2d ed. | ||
| 260 |
_aNew York : _bWiley, _cc1977. |
||
| 300 |
_axvi, 652 p., [2] fold. leaves of plates : _bill. ; _c24 cm. |
||
| 526 |
_a0 _b0 _c0 _d629_400000000000000_HAY |
||
| 650 | 0 | _aTransportation. | |
| 942 |
_2ddc _cBK |
||
| 999 |
_c548122 _d548122 |
||